000
00330nam a2200133Ia 4500
005
20251222144845.0
008
251222s9999||||xx |||||||||||||| ||spa||
020
_a
84-87699-03-0
082
_a
306.46/D92
100
_a
Dormido Bencomo, Sebastián
245
0
_a
Sociedad y Nuevas Tecnologías:
264
_b
Trotta
942
_c
LIB
999
_c
21382
_d
21382